| 000 | 01427nam a22003617a 4500 | ||
|---|---|---|---|
| 003 | CHAP | ||
| 005 | 20220329143315.0 | ||
| 008 | 080423d2007 mx r 00110 spa d | ||
| 010 | _a94734 | ||
| 011 | _a95706 | ||
| 035 | _a106335 | ||
| 040 | _cCHAP | ||
| 090 | _aTesis | ||
| 100 | 1 |
_aNavarro Anastasio, Yuldhes _980537 |
|
| 245 | 1 | 0 |
_aEvaluación del efecto de un probiótico y un prebiótico adicionados al alimento utilizado para la engorda de una parvada de codornices hembras (Coturnix coturnix japonica) _c/por Yuldhes Navarro Anastasio |
| 260 |
_aCocula, Gro. : _bEl autor, _c2007 |
||
| 300 |
_a49 h. : _bilus. ; gráfs. ; cuadros |
||
| 502 | _aTesis (Ing. Agr. Zootecnista) -- Colegio Superior Agropecuario del Estado de Guerrero. Centro de Estudios Profesionales | ||
| 590 |
_aALEPH _b10 _c20130110 _lUCH01 _h1522 |
||
| 590 |
_aBATCH-UPD _b10 _c20130110 _lUCH01 _h0224 |
||
| 590 |
_aBATCH-UPD _b10 _c20130110 _lUCH01 _h1708 |
||
| 590 |
_aBATCH-UPD _b10 _c20130409 _lUCH01 _h2246 |
||
| 590 |
_aBATCH-UPD _b10 _c20130914 _lUCH01 _h0452 |
||
| 590 |
_aCONVERSION _b10 _c20130109 _lUCH01 _h1352 |
||
| 650 | 1 | 4 |
_aAves de corral _xPeso. _98674 |
| 650 | 1 | 4 |
_aCarne de codorniz. _919138 |
| 650 | 1 | 4 |
_aCodorniz _xAlimentación. _924301 |
| 650 | 1 | 4 |
_aCodorniz _xEngorda. _924306 |
| 650 | 1 | 4 |
_aHuevos de codorniz. _956763 |
| 901 | _aBK | ||
| 942 | _cTESIS | ||
| 949 |
_atesis _bBC _cTES _d33724002041017 _eTS1 _gDonaciØn _h47634 _i106335 _sb |
||
| 999 |
_c94734 _d94734 |
||